| 000 | 00454nam a22001457a 4500 | ||
|---|---|---|---|
| 020 | _a9788181312563 | ||
| 082 |
_a823 _bBRI/N |
||
| 100 | _aBRITANNICA | ||
| 245 |
_aEARLY DISCOVERY _bNUMBERS |
||
| 260 |
_aUNITED KINGDOM _bENCYCLOPEDIA BRITANNICA _c2012 |
||
| 300 | _a64 | ||
| 520 | _aDISCOVER ABOUT NUMBERS, LEARN NEW NUMBERS, PLAY COUNTING GAMES, FIND NUMBER ACTIVITIES | ||
| 650 |
_aDISCOVER INTERESTING THINGS ABOUT NUMBERS _zUNITED KINGDOM |
||
| 942 | _cBK | ||
| 999 |
_c246 _d246 |
||